Entry Nombre personal
001 - NÚMERO DE CONTROL
- campo de control: 175674
003 - IDENTIFICADOR DE NÚMERO DE CONTROL
- campo de control: SpMaBN
005 - FECHA Y HORA DE LA ÚLTIMA TRANSACCIÓN
- campo de control: 20240205193742.0
008 - ELEMENTOS DE DATO DE LONGITUD-FIJA
- campo de control de longitud fija: 100929n|#azznnaabn |a aaa ##
024 7# - IDENTIFICADOR DE OTROS ESTÁNDARES
- Número estándar o código: http://www.wikidata.org/entity/Q272400
- Fuente: wikidata
024 7# - IDENTIFICADOR DE OTROS ESTÁNDARES
- Número estándar o código: http://viaf.org/viaf/13113998/
- Fuente: viaf
024 7# - IDENTIFICADOR DE OTROS ESTÁNDARES
- Número estándar o código: https://isni.org/isni/0000000120992017
- Fuente: isni
040 ## - FUENTE DE CATALOGACIÓN
- Centro catalogador/agencia de origen: SpMaBN
- Lengua de catalogación: spa
- Centro/agencia transcriptor: SpMaBN
- Normas de descripción: rdc
- Convención/Normas de encabezamiento de materia/tesauro: embne
046 ## - FECHAS CON CODIFICACIÓN ESPECIAL
- Fecha de nacimiento: 1914
- Fecha de la muerte: 1992
100 1# - ENCABEZAMIENTO-NOMBRE DE PERSONA
- Nombre de persona: Bardi, Lina Bo,
- Fechas asociadas al nombre: 1914-1992
370 ## - LUGAR ASOCIADO
- Lugar de nacimiento: Roma
- Número de control del registro de autoridad o número normalizado: XX450599
- Fuente de información: Wikidata
374 ## - OCUPACIÓN
- Ocupación: Arquitectos
- Fuente de información: Wikidata
375 ## - GÉNERO/SEXO
- Género: Femenino
- Fuente de información: Wikidata
377 ## - IDIOMA ASOCIADO
- Término de lengua/lenguaje: Español
400 1# - TRAZADO DE VÉASE--NOMBRE DE PERSONA
- Nombre de persona: Bo Bardi, Lina,
- Fechas asociadas al nombre: 1914-1992
670 ## - FUENTE DE DATOS ENCONTRADOS
- Cita de la fuente: Lina Bo Bardi, D.L. 2010
- Información encontrada: cub. (n. en Roma, 1914; m. 1992; arquitecta)
670 ## - FUENTE DE DATOS ENCONTRADOS
- Cita de la fuente: WWW B.N. de Brazil, 11-11-2010
- Información encontrada: (Bardi, Lina Bo)
